=LDR 00000nam 2200000 4500 =001 INLIS000000000055044 =005 20200310085743 =035 ##$$a 0010-0320000151 =007 ta =008 200310###########################0#ind## =020 ##$$a 978-602-7732-78-0 =082 ##$$a 650 =084 ##$$a 650 FER s =100 #$$a Ferren Bianca =245 1#$$a Sukses Memiliki Emas Tanpa Modal /$c Ferren Bianca =260 ##$$a Jakarta :$b Laskar Aksara,$c 2014 =300 ##$$a vi, 150 hlm. : $b Ilustrasi ; $c 23 Cm. =650 #4$$a Bisnis =700 #$$a Editor : Geulis C.G. =504 ##$$a Bibliografi : Halaman 147 =990 ##$$a 18291829 =990 ##$$a 18291829 =990 ##$$a 61901170 =990 ##$$a 6202001829 =990 ##$$a 61901171 =990 ##$$a 61901170